[Event "FIDE WRBTC Blitz-Pool 2024"]
[Site "Astana"]
[Date "2024.08.05"]
[Round "2.14"]
[White "Isaev, Anton"]
[Black "Tabatabaei, M. Amin"]
[Result "1-0"]
[WhiteElo "2156"]
[BlackElo "2712"]
[Annotator "ChessBase"]
[PlyCount "97"]
[EventDate "2024.08.01"]
[EventType "team-tourn"]
[EventCountry "KAZ"]
[SourceTitle "playchess.com"]
[Source "ChessBase"]
[SourceQuality "1"]

1. d4 Nf6 2. Nf3 d5 3. c4 e6 4. g3 Bb4+ 5. Bd2 Be7 6. Qc2 O-O 7. Bg2 c6 8. h4 h6 9. O-O Nbd7 10. Rd1 a5 11. Bf4 a4 12. Nbd2 Nh5 13. Be3 f5 14. cxd5 exd5 15. Nf1 f4 16. Bxf4 Nxf4 17. gxf4 Rxf4 18. h5 Nf6 19. Ng3 Qe8 20. e3 Rg4 21. Ne5 Nxh5 22. Nxg4 Bxg4 23. Rf1 Nxg3 24. fxg3 Bd6 25. Qf2 Qg6 26. Bf3 Bh3 27. Bg2 Bxg3 28. Qf3 Be6 29. e4 Bd6 30. e5 Be7 31. Kh2 a3 32. b3 Rf8 33. Qg3 Qh5+ 34. Bh3 Re8 35. Rf3 Bh4 36. Qg2 Bg5 37. Raf1 Bxh3 38. Qxh3 Qxh3+ 39. Kxh3 Re7 40. Rf8+ Kh7 41. R1f7 Re6 42. Rxb7 Be3 43. Rff7 Rg6 44. e6 Bxd4 45. e7 Re6 46. Rb8 Kg6 47. Rf4 Re3+ 48. Kg2 Re2+ 49. Kf1 1-0

[Event "FIDE WRBTC Blitz-Pool 2024"]
[Site "Astana"]
[Date "2024.08.05"]
[Round "2.14"]
[White "Serikgali Daulet"]
[Black "Shubin, Kirill"]
[Result "0-1"]
[WhiteElo "1571"]
[BlackElo "2459"]
[Annotator "ChessBase"]
[PlyCount "50"]
[EventDate "2024.08.01"]
[EventType "team-tourn"]
[EventCountry "KAZ"]
[SourceTitle "playchess.com"]
[Source "ChessBase"]
[SourceQuality "1"]

1. e4 e6 2. d4 d5 3. exd5 exd5 4. Bd3 Nc6 5. Ne2 Bd6 6. O-O Nge7 7. Nbc3 O-O 8. Bf4 Bf5 9. Re1 a6 10. a3 Qd7 11. Qd2 Rae8 12. Rad1 Bg4 13. f3 Bf5 14. Bg5 Ng6 15. Nxd5 Bxd3 16. Qxd3 Bxh2+ 17. Kxh2 Qxd5 18. c4 Qxg5 19. Qd2 Qxd2 20. Rxd2 Na5 21. Rc1 Nb3 22. Rcc2 Nxd2 23. Rxd2 Re7 24. b4 Rd8 25. d5 Kf8 0-1

[Event "FIDE WRBTC Blitz-Pool 2024"]
[Site "Astana"]
[Date "2024.08.05"]
[Round "2.15"]
[White "Hong, Andrew"]
[Black "Dosmukhambetov, Arystan"]
[Result "1-0"]
[WhiteElo "2572"]
[BlackElo "1976"]
[Annotator "ChessBase"]
[PlyCount "151"]
[EventDate "2024.08.01"]
[EventType "team-tourn"]
[EventCountry "KAZ"]
[SourceTitle "playchess.com"]
[Source "ChessBase"]
[SourceQuality "1"]

1. d4 f5 2. Nf3 Nf6 3. Bg5 e6 4. Nbd2 Be7 5. Bxf6 Bxf6 6. e4 O-O 7. Bd3 d6 8. O-O Nc6 9. c3 Qe8 10. Re1 Qh5 11. Nf1 f4 12. e5 dxe5 13. dxe5 Be7 14. b4 a6 15. Qb3 Kh8 16. Be4 Bd7 17. Rad1 Rad8 18. h3 Qf7 19. Rd2 Bc8 20. Bxc6 bxc6 21. Red1 Rd5 22. c4 Rxd2 23. Rxd2 c5 24. b5 axb5 25. Qxb5 g5 26. Qc6 h5 27. Qxc7 g4 28. hxg4 hxg4 29. N3h2 Rg8 30. Nxg4 Rxg4 31. Qxc8+ Rg8 32. Qc6 f3 33. g3 Qf5 34. Rd7 Bg5 35. a4 Bh6 36. a5 Rf8 37. Nh2 Qb1+ 38. Nf1 Qf5 39. Qb7 Qh3 40. Rh7+ Kg8 41. Qg7+ Bxg7 42. Rh6 Qh4 43. Rxh4 Bxe5 44. Rh6 Kf7 45. Rh7+ Bg7 46. Nd2 Ra8 47. Nxf3 Kg6 48. Rh4 Rxa5 49. Re4 Kf6 50. Kg2 Ra2 51. Nh2 Kf7 52. Ng4 Bd4 53. Kh3 Rc2 54. f4 Kg6 55. Rxe6+ Kf5 56. Rc6 Rxc4 57. Nh6+ Ke4 58. Kg4 Kd5 59. Rc8 Rc3 60. Nf5 Bf2 61. Rd8+ Ke4 62. Rd2 Be3 63. Re2 c4 64. Nxe3 Rxe3 65. Ra2 c3 66. f5 Ke5 67. Ra5+ Kf6 68. Ra6+ Kf7 69. Rc6 Rd3 70. Kf4 Rd4+ 71. Kg5 Rd3 72. g4 Ke7 73. Kg6 Rd6+ 74. f6+ Kd7 75. Rxc3 Ke6 76. Re3+ 1-0

[Event "FIDE WRBTC Blitz-Pool 2024"]
[Site "Astana"]
[Date "2024.08.05"]
[Round "2.15"]
[White "Faizrakhmanov, Ramil"]
[Black "Kalikhan, Abilmansur"]
[Result "1-0"]
[WhiteElo "2424"]
[BlackElo "1670"]
[Annotator "ChessBase"]
[PlyCount "53"]
[EventDate "2024.08.01"]
[EventType "team-tourn"]
[EventCountry "KAZ"]
[SourceTitle "playchess.com"]
[Source "ChessBase"]
[SourceQuality "1"]

1. d4 Nf6 2. c4 c5 3. d5 e6 4. Nc3 exd5 5. cxd5 d6 6. Nf3 g6 7. Bf4 a6 8. a4 Bg7 9. e3 O-O 10. h3 Qc7 11. Be2 Bf5 12. Nd2 Re8 13. O-O Bd7 14. Nc4 Ne4 15. Nxe4 Rxe4 16. Bxd6 Qd8 17. Bxc5 b5 18. axb5 Bxb5 19. Nb6 Bxe2 20. Qxe2 Ra7 21. Rfd1 Rb7 22. Nc4 Qc7 23. Nd6 Rxb2 24. Qf3 Qxc5 25. Qxf7+ Kh8 26. Nxe4 a5 27. Nxc5 1-0

[Event "FIDE WRBTC Blitz-Pool 2024"]
[Site "Astana"]
[Date "2024.08.05"]
[Round "2.15"]
[White "Skak, Abuali"]
[Black "Rodionov, Adil"]
[Result "0-1"]
[WhiteElo "1969"]
[BlackElo "2353"]
[Annotator "ChessBase"]
[PlyCount "42"]
[EventDate "2024.08.01"]
[EventType "team-tourn"]
[EventCountry "KAZ"]
[SourceTitle "playchess.com"]
[Source "ChessBase"]
[SourceQuality "1"]

1. e4 c5 2. Nf3 g6 3. d4 cxd4 4. Qxd4 Nf6 5. Qa4 Nc6 6. Nc3 d6 7. e5 dxe5 8. Nxe5 Bd7 9. Nxd7 Qxd7 10. Be3 Bg7 11. Bb5 O-O 12. Rd1 Qe6 13. O-O Ng4 14. Bc5 Qe5 15. Qxg4 Qxc5 16. Bxc6 bxc6 17. Rd3 Rab8 18. Na4 Qxc2 19. Re3 e6 20. a3 Rfd8 21. b4 Qxa4 0-1

[Event "FIDE WRBTC Blitz-Pool 2024"]
[Site "Astana"]
[Date "2024.08.05"]
[Round "2.16"]
[White "Kovanova, Mariya"]
[Black "Akhmediyar, Yernur"]
[Result "1-0"]
[WhiteElo "2118"]
[BlackElo "1853"]
[Annotator "ChessBase"]
[PlyCount "73"]
[EventDate "2024.08.01"]
[EventType "team-tourn"]
[EventCountry "KAZ"]
[SourceTitle "playchess.com"]
[Source "ChessBase"]
[SourceQuality "1"]

1. e4 c5 2. d4 cxd4 3. Qxd4 Nc6 4. Qd3 g6 5. Nc3 Bg7 6. Nf3 Nf6 7. Be2 O-O 8. O-O d6 9. Nd5 Nxd5 10. exd5 Bf5 11. Qd1 Nb4 12. c3 Nc2 13. g4 Nxa1 14. gxf5 Qa5 15. a4 Qb6 16. Bb5 a6 17. Be3 Qa5 18. Be2 Rac8 19. Qxa1 Qxd5 20. fxg6 fxg6 21. Qd1 Qe6 22. Nd4 Bxd4 23. Bxd4 Qf7 24. f4 Rc7 25. Bg4 e6 26. Qe2 Re7 27. Qg2 Rfe8 28. h4 Kf8 29. Qh3 h5 30. Bd1 Kg8 31. Bb3 Kh7 32. Qg3 Qf8 33. Bc2 Qf7 34. Qg5 Rf8 35. Rf2 Rd7 36. Rg2 Rg8 37. Qxh5# 1-0

[Event "FIDE WRBTC Blitz-Pool 2024"]
[Site "Astana"]
[Date "2024.08.05"]
[Round "2.16"]
[White "Kim, Kristina"]
[Black "Dardha, Daniel"]
[Result "0-1"]
[WhiteElo "1943"]
[BlackElo "2608"]
[Annotator "ChessBase"]
[PlyCount "60"]
[EventDate "2024.08.01"]
[EventType "team-tourn"]
[EventCountry "KAZ"]
[SourceTitle "playchess.com"]
[Source "ChessBase"]
[SourceQuality "1"]

1. d4 Nf6 2. Nf3 b6 3. Bf4 Bb7 4. e3 Nh5 5. Bg5 h6 6. Bh4 g5 7. Ne5 Ng7 8. Bg3 e6 9. Nc3 d6 10. Nf3 Nf5 11. Bd3 Nxg3 12. hxg3 Bg7 13. Be4 d5 14. Bd3 c5 15. Ne5 Bxe5 16. dxe5 Nc6 17. f4 a6 18. Qh5 Qc7 19. O-O O-O-O 20. Rad1 c4 21. Be2 b5 22. a3 Qb6 23. Qf3 h5 24. Qf2 h4 25. gxh4 Rxh4 26. g3 Rh3 27. Bg4 Rh7 28. Nxd5 Rxd5 29. Rxd5 Ne7 30. Rd6 Rh1# 0-1

[Event "FIDE WRBTC Blitz-Pool 2024"]
[Site "Astana"]
[Date "2024.08.05"]
[Round "2.16"]
[White "Almazuly, Azamat"]
[Black "Orlov, Oleg"]
[Result "0-1"]
[WhiteElo "1720"]
[BlackElo "2254"]
[Annotator "ChessBase"]
[PlyCount "72"]
[EventDate "2024.08.01"]
[EventType "team-tourn"]
[EventCountry "KAZ"]
[SourceTitle "playchess.com"]
[Source "ChessBase"]
[SourceQuality "1"]

1. d4 Nf6 2. c4 g6 3. Nc3 Bg7 4. e4 d6 5. Be2 O-O 6. Nf3 e5 7. O-O exd4 8. Nxd4 Re8 9. f3 c6 10. Bf4 Nh5 11. Be3 f5 12. Qd2 f4 13. Bf2 Nd7 14. Rad1 Ne5 15. Nb3 Be6 16. c5 Bxb3 17. axb3 dxc5 18. Bxc5 Qg5 19. Bc4+ Nxc4 20. bxc4 Qxc5+ 21. Kh1 Bf6 22. Ne2 Rad8 23. Qc1 Be5 24. Rxd8 Rxd8 25. Rd1 Rd6 26. b3 a5 27. h3 Kg7 28. Rd2 Kh6 29. Rxd6 Qxd6 30. g4 Qd3 31. gxh5 Qxf3+ 32. Kg1 Qxe2 33. hxg6 Bd4+ 34. Kh1 Qf3+ 35. Kh2 Qg3+ 36. Kh1 Qxh3# 0-1

[Event "FIDE WRBTC Blitz-Pool 2024"]
[Site "Astana"]
[Date "2024.08.05"]
[Round "2.17"]
[White "Salimova, Nurgyul"]
[Black "Akhmet, Suleyman"]
[Result "1-0"]
[WhiteElo "2412"]
[BlackElo "1730"]
[Annotator "ChessBase"]
[PlyCount "89"]
[EventDate "2024.08.01"]
[EventType "team-tourn"]
[EventCountry "KAZ"]
[SourceTitle "playchess.com"]
[Source "ChessBase"]
[SourceQuality "1"]

1. d4 f5 2. Nc3 Nf6 3. Bg5 g6 4. Bxf6 exf6 5. e3 d5 6. h4 Be6 7. h5 Bg7 8. Bd3 c6 9. hxg6 hxg6 10. Rxh8+ Bxh8 11. g4 Qd7 12. Qf3 fxg4 13. Bxg6+ Bf7 14. Bxf7+ Kxf7 15. Qh1 Na6 16. Qh5+ Ke7 17. Nge2 Nc7 18. O-O-O Re8 19. Rg1 f5 20. Ng3 Rf8 21. Qh4+ Ke8 22. Rh1 Ne6 23. Nxf5 Rxf5 24. Qxh8+ Nf8 25. Qh2 Qf7 26. Qb8+ Ke7 27. Qxb7+ Nd7 28. Qxc6 g3 29. fxg3 Rf1+ 30. Rxf1 Qxf1+ 31. Nd1 Qg2 32. g4 Nf6 33. Qc7+ Ke6 34. Qe5+ Kf7 35. g5 Ne4 36. Qxd5+ Kg6 37. Qe6+ Kh5 38. Qf7+ Kh4 39. Qh7+ Kg4 40. Qd7+ Kh4 41. Qh7+ Kg4 42. b3 Qd2+ 43. Kb2 Kf3 44. Qf5+ Ke2 45. Qxe4 1-0

[Event "FIDE WRBTC Blitz-Pool 2024"]
[Site "Astana"]
[Date "2024.08.05"]
[Round "2.17"]
[White "Serikbay, Assel"]
[Black "Kiribayeva, Togzhan"]
[Result "0-1"]
[WhiteElo "2237"]
[BlackElo "1544"]
[Annotator "ChessBase"]
[PlyCount "90"]
[EventDate "2024.08.01"]
[EventType "team-tourn"]
[EventCountry "KAZ"]
[SourceTitle "playchess.com"]
[Source "ChessBase"]
[SourceQuality "1"]

1. d4 Nf6 2. c4 d6 3. Nc3 g6 4. g3 Bg7 5. Bg2 Nbd7 6. Nf3 O-O 7. O-O e5 8. e4 Re8 9. Re1 c6 10. h3 Qc7 11. Kh2 a5 12. Rb1 Nb6 13. b3 Nh5 14. Be3 f5 15. exf5 Bxf5 16. Rc1 Nf6 17. Nh4 Be6 18. d5 Bf7 19. dxc6 bxc6 20. f4 Rad8 21. Qf3 e4 22. Qf2 Nc8 23. Bd4 Qd7 24. Nxe4 Nxe4 25. Bxe4 d5 26. cxd5 cxd5 27. Bg2 Nd6 28. Bxg7 Kxg7 29. Qd4+ Kg8 30. Re5 Rxe5 31. fxe5 Nf5 32. Nxf5 Qxf5 33. Rf1 Qd7 34. Rf6 Re8 35. Rd6 Qf5 36. Bxd5 Qc2+ 37. Bg2 Qxa2 38. Qe3 Qb2 39. e6 Kg7 40. h4 Qf6 41. h5 Rxe6 42. Rxe6 Bxe6 43. Qa7+ Bf7 44. Qxa5 gxh5 45. Qxh5 Bxh5 0-1

[Event "FIDE WRBTC Blitz-Pool 2024"]
[Site "Astana"]
[Date "2024.08.05"]
[Round "2.17"]
[White "Muratova, Anel"]
[Black "Primbetov, Kazbek"]
[Result "1-0"]
[WhiteElo "1892"]
[BlackElo "2059"]
[Annotator "ChessBase"]
[PlyCount "57"]
[EventDate "2024.08.01"]
[EventType "team-tourn"]
[EventCountry "KAZ"]
[SourceTitle "playchess.com"]
[Source "ChessBase"]
[SourceQuality "1"]

1. e4 c5 2. Nf3 d6 3. d4 cxd4 4. Nxd4 Nf6 5. Nc3 Nc6 6. Bg5 Bd7 7. Bxf6 gxf6 8. Bc4 Nxd4 9. Qxd4 Qa5 10. O-O-O Rc8 11. Bb3 Qc5 12. Qd2 h5 13. Kb1 Bg7 14. Qe2 e6 15. f4 b5 16. e5 d5 17. Nxd5 fxe5 18. Nc3 Bc6 19. Rhe1 O-O 20. Qxh5 a5 21. a3 b4 22. axb4 axb4 23. Ne4 Bxe4 24. Rxe4 Rfd8 25. Rc4 Qa5 26. Rxc8 Rxc8 27. Rd7 Rf8 28. Bxe6 fxe6 29. Qg6 1-0

[Event "FIDE WRBTC Blitz-Pool 2024"]
[Site "Astana"]
[Date "2024.08.05"]
[Round "2.18"]
[White "Kertaev, Natan"]
[Black "Mero, Aghiad."]
[Result "0-1"]
[WhiteElo "1828"]
[BlackElo "1817"]
[Annotator "NA"]
[PlyCount "74"]
[EventDate "2024.08.01"]
[EventType "team-tourn"]
[EventCountry "KAZ"]
[SourceTitle "playchess.com"]
[Source "ChessBase"]
[SourceQuality "1"]

1. e4 c5 2. Nf3 Nc6 3. Bb5 Nf6 4. Nc3 e5 5. O-O d6 6. Re1 Be7 7. d3 O-O 8. Ne2 g6 9. Bh6 Re8 10. h3 Bf8 11. Bg5 h6 12. Be3 Kh7 13. Ng3 Be6 14. c3 Qb6 15. Bxc6 bxc6 16. b4 Nd7 17. Qd2 Rad8 18. Reb1 Qa6 19. a4 cxb4 20. cxb4 Qb7 21. b5 c5 22. a5 d5 23. Qc2 Rc8 24. b6 axb6 25. axb6 Ra8 26. Rxa8 Rxa8 27. Qb2 d4 28. Ne1 dxe3 29. fxe3 Ra2 30. Qb5 Ra6 31. Rc1 Rxb6 32. Qa5 Rb1 33. Rc2 Qb4 34. Qxb4 cxb4 35. Kf2 b3 36. Rc8 b2 37. Nf3 Rc1 0-1

[Event "FIDE WRBTC Blitz-Pool 2024"]
[Site "Astana"]
[Date "2024.08.05"]
[Round "2.18"]
[White "Amangaliyev, Dauletkhan"]
[Black "Balakirev, Nikoly"]
[Result "0-1"]
[WhiteElo "1531"]
[BlackElo "1885"]
[Annotator "NA"]
[PlyCount "84"]
[EventDate "2024.08.01"]
[EventType "team-tourn"]
[EventCountry "KAZ"]
[SourceTitle "playchess.com"]
[Source "ChessBase"]
[SourceQuality "1"]

1. e4 c5 2. Nf3 e6 3. d4 cxd4 4. Nxd4 Nf6 5. Nc3 Nc6 6. Be2 Bb4 7. f3 d5 8. Nxc6 bxc6 9. O-O O-O 10. Bg5 h6 11. Bh4 Be7 12. e5 Nd7 13. Bxe7 Qxe7 14. f4 Rb8 15. b3 Qc5+ 16. Kh1 Qxc3 17. Bd3 Nc5 18. Rf3 Nxd3 19. Rxd3 Qb4 20. Qg4 Qe7 21. Rg3 g6 22. h4 Kh7 23. h5 Rg8 24. Qe2 Qh4+ 25. Rh3 Qe7 26. Rd1 Rb4 27. Qd2 Ba6 28. Re1 Re4 29. Rxe4 dxe4 30. Qe3 Qb4 31. hxg6+ Rxg6 32. c3 Qb5 33. Qxe4 Qf1+ 34. Kh2 Be2 35. Rg3 Qf2 36. Rxg6 fxg6 37. Qxc6 Qh4+ 38. Kg1 h5 39. Qd7+ Kh6 40. Qxe6 Qxf4 41. Qd6 Qe3+ 42. Kh2 Qf4+ 0-1

[Event "FIDE WRBTC Blitz-Pool 2024"]
[Site "Astana"]
[Date "2024.08.05"]
[Round "2.18"]
[White "Baigaliyev, Azamat"]
[Black "Muratova, Saltanat"]
[Result "0-1"]
[WhiteElo "1400"]
[BlackElo "1845"]
[Annotator "NA"]
[PlyCount "91"]
[EventDate "2024.08.01"]
[EventType "team-tourn"]
[EventCountry "KAZ"]
[SourceTitle "playchess.com"]
[Source "ChessBase"]
[SourceQuality "1"]

1. Nf3 Nf6 2. e3 g6 3. d4 Bg7 4. Bd3 d6 5. c3 O-O 6. O-O Nbd7 7. Nbd2 e5 8. e4 Qe7 9. Re1 c6 10. Nf1 b5 11. a4 bxa4 12. Rxa4 Bb7 13. Qe2 Nb6 14. Ra1 Nfd7 15. Bg5 f6 16. Bd2 Kh8 17. Ng3 Rfe8 18. Ba6 Nf8 19. Bxb7 Qxb7 20. Qd3 Ne6 21. Ra2 Re7 22. Rea1 Qc8 23. Be3 c5 24. d5 Nd8 25. c4 Nf7 26. b3 Rb7 27. Nd2 Nd7 28. f3 Nf8 29. Ra6 h5 30. Ne2 g5 31. Nc3 Rb6 32. Nb5 Rxa6 33. Rxa6 Qxa6 34. Nc7 Qa1+ 35. Kf2 Rc8 36. Nb5 a6 37. Nc3 Qa5 38. Ndb1 Rb8 39. Nd2 Nd7 40. Qc2 Qb6 41. Na4 Qc7 42. Nb1 Nd8 43. Nbc3 Nb7 44. Qa2 Na5 45. Kg3 Nxb3 46. Qa3 0-1

[Event "FIDE WRBTC Blitz-Pool 2024"]
[Site "Astana"]
[Date "2024.08.05"]
[Round "2.19"]
[White "Nihal Sarin"]
[Black "Beristenov, Kair"]
[Result "1-0"]
[WhiteElo "2668"]
[BlackElo "1995"]
[Annotator "ChessBase"]
[PlyCount "45"]
[EventDate "2024.08.01"]
[EventType "team-tourn"]
[EventCountry "KAZ"]
[SourceTitle "playchess.com"]
[Source "ChessBase"]
[SourceQuality "1"]

1. d4 d5 2. c4 c5 3. cxd5 Qxd5 4. Nf3 cxd4 5. Nc3 Qa5 6. Nxd4 Nf6 7. Bd2 Qh5 8. Rc1 Bd7 9. g3 Nc6 10. Ncb5 Rc8 11. Bg2 a6 12. Nxc6 axb5 13. Nb4 Rb8 14. O-O e6 15. Nd3 Bd6 16. Nf4 Qf5 17. Be3 Bxf4 18. Bxf4 e5 19. Rc5 Ng4 20. Bxe5 Nxe5 21. Qd6 f6 22. Qxb8+ Kf7 23. Qxh8 1-0

[Event "FIDE WRBTC Blitz-Pool 2024"]
[Site "Astana"]
[Date "2024.08.05"]
[Round "2.19"]
[White "Gurel, Ediz"]
[Black "Shonazarov, Orash"]
[Result "1-0"]
[WhiteElo "2602"]
[BlackElo "2277"]
[Annotator "ChessBase"]
[PlyCount "73"]
[EventDate "2024.08.01"]
[EventType "team-tourn"]
[EventCountry "KAZ"]
[SourceTitle "playchess.com"]
[Source "ChessBase"]
[SourceQuality "1"]

1. Nf3 Nf6 2. b3 g6 3. Bb2 Bg7 4. e3 O-O 5. Be2 b6 6. O-O Bb7 7. d4 c5 8. c4 cxd4 9. Nxd4 Nc6 10. Nd2 Nxd4 11. Bxd4 d5 12. Bf3 Qd7 13. cxd5 Bxd5 14. Nc4 Rfd8 15. Rc1 Qe6 16. Qe2 Rac8 17. Rfd1 Bxf3 18. Qxf3 Qe4 19. Qe2 h5 20. h3 h4 21. Qb2 Nh5 22. Bxg7 Nxg7 23. Qa3 b5 24. Rxd8+ Rxd8 25. Qa5 Rd5 26. Nd2 Qe6 27. Nf3 Nf5 28. Qxa7 Qd6 29. Re1 Rd1 30. Qa5 b4 31. Rxd1 Qxd1+ 32. Kh2 Qd6+ 33. Qe5 Qa6 34. e4 Ng7 35. Qb8+ Kh7 36. Ng5+ Kh6 37. Nxf7+ 1-0

[Event "FIDE WRBTC Blitz-Pool 2024"]
[Site "Astana"]
[Date "2024.08.05"]
[Round "2.20"]
[White "Karmenov, Berik"]
[Black "Samadov, Read"]
[Result "0-1"]
[WhiteElo "2046"]
[BlackElo "2509"]
[Annotator "ChessBase"]
[PlyCount "44"]
[EventDate "2024.08.01"]
[EventType "team-tourn"]
[EventCountry "KAZ"]
[SourceTitle "playchess.com"]
[Source "ChessBase"]
[SourceQuality "1"]

1. e4 c5 2. Nf3 d6 3. d4 cxd4 4. Nxd4 Nf6 5. Nc3 a6 6. Bg5 Nbd7 7. f4 Qa5 8. Qd2 e6 9. Nb3 Qc7 10. O-O-O Be7 11. Bd3 b5 12. Rhe1 h6 13. Bxf6 Nxf6 14. f5 e5 15. Ne2 Bb7 16. Ng3 d5 17. exd5 Bxd5 18. Ne4 Nxe4 19. Bxe4 Bxe4 20. Rxe4 Bg5 21. Re3 O-O 22. Kb1 Rfd8 0-1

[Event "FIDE WRBTC Blitz-Pool 2024"]
[Site "Astana"]
[Date "2024.08.05"]
[Round "2.20"]
[White "Zeynyshev, Elnur"]
[Black "Eljanov, Pavel"]
[Result "0-1"]
[WhiteElo "1812"]
[BlackElo "2672"]
[Annotator "ChessBase"]
[PlyCount "90"]
[EventDate "2024.08.01"]
[EventType "team-tourn"]
[EventCountry "KAZ"]
[SourceTitle "playchess.com"]
[Source "ChessBase"]
[SourceQuality "1"]

1. e4 c6 2. d4 d5 3. e5 Bf5 4. h4 h5 5. Bd3 Bxd3 6. Qxd3 Qa5+ 7. Nd2 e6 8. Ngf3 Nh6 9. O-O Nf5 10. Nb3 Qa6 11. Qd1 Nd7 12. a4 Rc8 13. Bg5 c5 14. dxc5 Bxc5 15. c3 g6 16. Qd2 O-O 17. Rfe1 Rfe8 18. Nbd4 Nxd4 19. Nxd4 Bf8 20. Qf4 Nc5 21. Qe3 Qd3 22. Qxd3 Nxd3 23. Re2 a6 24. Rd1 Nc5 25. a5 Ne4 26. Be3 Rc4 27. Nb3 Nc5 28. Bxc5 Bxc5 29. g3 Rc8 30. Kg2 Ba7 31. f4 Kf8 32. Kf3 Ke7 33. Red2 R8c6 34. Kg2 Rc7 35. Kf3 Rc8 36. Kg2 Ra4 37. Ra1 Re4 38. Kf3 Re3+ 39. Kg2 Rc4 40. Nd4 Bxd4 41. cxd4 Rb3 42. Kf2 Kd7 43. Ra3 Rxa3 44. bxa3 Rc3 45. Rb2 Kc7 0-1

[Event "FIDE WRBTC Blitz-Pool 2024"]
[Site "Astana"]
[Date "2024.08.05"]
[Round "2.20"]
[White "Prokoptsov, Mikhail"]
[Black "Sadhwani, Raunak"]
[Result "0-1"]
[WhiteElo "1702"]
[BlackElo "2653"]
[Annotator "ChessBase"]
[PlyCount "68"]
[EventDate "2024.08.01"]
[EventType "team-tourn"]
[EventCountry "KAZ"]
[SourceTitle "playchess.com"]
[Source "ChessBase"]
[SourceQuality "1"]

1. f4 d5 2. Nf3 g6 3. g3 Bg7 4. Bg2 Nh6 5. d3 O-O 6. O-O d4 7. Nbd2 Nf5 8. Nb3 a5 9. a4 Nc6 10. Re1 Re8 11. Rb1 e5 12. fxe5 Nxe5 13. Nxe5 Rxe5 14. Bf4 Ne3 15. Bxe3 Rxe3 16. Nd2 c6 17. Nc4 Re8 18. Qd2 Be6 19. b3 h5 20. Kh1 h4 21. Qf4 h3 22. Bf3 g5 23. Qd6 g4 24. Be4 f5 25. e3 fxe4 26. dxe4 Bxc4 27. Qxd8 Raxd8 28. bxc4 Rxe4 29. exd4 Rxe1+ 30. Rxe1 Rxd4 31. Kg1 Rxc4 32. Re7 Rxa4 33. Rxb7 Rc4 34. Ra7 Bd4+ 0-1

[Event "FIDE WRBTC Blitz-Pool 2024"]
[Site "Astana"]
[Date "2024.08.05"]
[Round "2.21"]
[White "Narayanan S L"]
[Black "Semenov, Miroslav"]
[Result "1-0"]
[WhiteElo "2649"]
[BlackElo "1512"]
[Annotator "ChessBase"]
[PlyCount "81"]
[EventDate "2024.08.01"]
[EventType "team-tourn"]
[EventCountry "KAZ"]
[SourceTitle "playchess.com"]
[Source "ChessBase"]
[SourceQuality "1"]

1. d4 Nf6 2. c4 e5 3. dxe5 Ng4 4. Bf4 Nc6 5. Nf3 Bb4+ 6. Nbd2 Qe7 7. a3 Ngxe5 8. Nxe5 Nxe5 9. e3 Bxd2+ 10. Qxd2 d6 11. Be2 Be6 12. Rc1 Rd8 13. O-O O-O 14. Qc3 Ng6 15. Bg3 b6 16. b4 Rfe8 17. c5 dxc5 18. bxc5 Bd5 19. Rfd1 c6 20. Rd4 bxc5 21. Qxc5 Qxc5 22. Rxc5 Re4 23. Rxe4 Bxe4 24. f3 Rd2 25. Bc4 Bd5 26. Bxd5 Rxd5 27. Rxc6 Kf8 28. Ra6 Rd7 29. Bd6+ Ke8 30. Bc5 Rc7 31. Bd4 f6 32. Rxa7 Rc1+ 33. Kf2 Ne7 34. g4 f5 35. Bxg7 fxg4 36. fxg4 Rc2+ 37. Kg3 Ng6 38. h4 Re2 39. Bd4 Ne7 40. h5 Kf7 41. Bc5 1-0

[Event "FIDE WRBTC Blitz-Pool 2024"]
[Site "Astana"]
[Date "2024.08.05"]
[Round "2.21"]
[White "Golod, Vitali"]
[Black "Borumbayev, Adil"]
[Result "1-0"]
[WhiteElo "2487"]
[BlackElo "1848"]
[Annotator "ChessBase"]
[PlyCount "87"]
[EventDate "2024.08.01"]
[EventType "team-tourn"]
[EventCountry "KAZ"]
[SourceTitle "playchess.com"]
[Source "ChessBase"]
[SourceQuality "1"]

1. d4 Nf6 2. c4 g6 3. Nc3 Bg7 4. e4 d6 5. Nf3 O-O 6. Be2 c5 7. O-O Nc6 8. d5 Na5 9. Bf4 a6 10. Nd2 e6 11. dxe6 Bxe6 12. Rc1 Qc7 13. Nb3 Rad8 14. Nxa5 Qxa5 15. f3 Nd7 16. Qc2 Ne5 17. b3 h6 18. Rfd1 Kh7 19. Nd5 b5 20. Bd2 b4 21. a4 Rb8 22. Be3 Nc6 23. Nf4 Nd4 24. Qa2 Qc7 25. Bf1 Rbd8 26. Ne2 Nc6 27. Qd2 f5 28. exf5 Bxf5 29. Ng3 Be6 30. Bd3 Nd4 31. Bxd4 Bxd4+ 32. Kh1 d5 33. Qc2 Qg7 34. Re1 dxc4 35. Bxc4 Bxc4 36. Qxc4 Bc3 37. Re6 Rfe8 38. Ne4 Rd4 39. Qxa6 Red8 40. Qe2 R8d7 41. Nf6+ Kh8 42. Re8+ Qf8 43. Rxf8+ Kg7 44. Nxd7 1-0

[Event "FIDE WRBTC Blitz-Pool 2024"]
[Site "Astana"]
[Date "2024.08.05"]
[Round "2.22"]
[White "Omar, Temirlan"]
[Black "Smirin, Ilia"]
[Result "0-1"]
[WhiteElo "1874"]
[BlackElo "2575"]
[Annotator "ChessBase"]
[PlyCount "84"]
[EventDate "2024.08.01"]
[EventType "team-tourn"]
[EventCountry "KAZ"]
[SourceTitle "playchess.com"]
[Source "ChessBase"]
[SourceQuality "1"]

1. d4 Nf6 2. Bf4 c5 3. d5 d6 4. Nc3 e5 5. Bg5 Be7 6. Nf3 O-O 7. e4 Nbd7 8. Be2 Ne8 9. Bxe7 Qxe7 10. Nd2 g6 11. O-O Ng7 12. Nc4 f5 13. f3 Nf6 14. Bd3 f4 15. Nb5 Rd8 16. a4 g5 17. h3 h5 18. Kf2 g4 19. hxg4 hxg4 20. Ke1 Nfh5 21. Kd2 Ng3 22. Rg1 Ne8 23. Be2 Bd7 24. Nc3 Nf6 25. Kc1 b6 26. b3 Rab8 27. Kb2 a6 28. Nd2 b5 29. axb5 axb5 30. Ra7 Ra8 31. Qa1 Rxa7 32. Qxa7 b4 33. Nb5 Nxe2 34. Re1 Nd4 35. Nxd4 cxd4 36. Nc4 Kf8 37. Qb6 Be8 38. Qxb4 gxf3 39. gxf3 Bh5 40. Rf1 Kf7 41. Rh1 Bxf3 42. Rh6 Bxe4 0-1

[Event "FIDE WRBTC Blitz-Pool 2024"]
[Site "Astana"]
[Date "2024.08.05"]
[Round "2.22"]
[White "Sartbayev, Askar"]
[Black "Bivol, Alina"]
[Result "0-1"]
[WhiteElo "1702"]
[BlackElo "2345"]
[Annotator "ChessBase"]
[PlyCount "58"]
[EventDate "2024.08.01"]
[EventType "team-tourn"]
[EventCountry "KAZ"]
[SourceTitle "playchess.com"]
[Source "ChessBase"]
[SourceQuality "1"]

1. e4 e5 2. Nf3 Nc6 3. d4 exd4 4. Bc4 d6 5. O-O g6 6. Nxd4 Bg7 7. c3 Nf6 8. Nxc6 bxc6 9. Bg5 O-O 10. Nd2 h6 11. Bh4 Qe8 12. Re1 Nd7 13. Nf3 Ne5 14. Nxe5 Qxe5 15. Bg3 Qc5 16. Bb3 a5 17. Qf3 a4 18. Bc2 Be6 19. e5 dxe5 20. h4 h5 21. Qe3 Qxe3 22. Rxe3 Rfb8 23. Be4 Rxb2 24. Bxc6 Ra6 25. Bf3 Rxa2 26. Rxa2 Bxa2 27. Re2 Bc4 28. Re1 a3 29. Bd1 a2 0-1